Normal view MARC view
  • Jerry N. Hefner

Entry Personal Name

Number of records used in: 1

001 - CONTROL NUMBER

  • control field: 127167

003 - CONTROL NUMBER IDENTIFIER

  • control field: NUST

005 - DATE AND TIME OF LATEST TRANSACTION

  • control field: 20241218101616.0

008 - FIXED-LENGTH DATA ELEMENTS

  • fixed length control field: 241218|| aca||aabn | a|a d

040 ## - CATALOGING SOURCE

  • Original cataloging agency: NUST
  • Transcribing agency: NUST

100 ## - HEADING--PERSONAL NAME

  • Personal name: Jerry N. Hefner

670 ## - SOURCE DATA FOUND

  • Source citation: Work cat.: (NUST)559925: Dennis M. Bushnell 52159, Viscous Drag Reduction In Boundary Layers /, 1990
© 2023 Central Library, National University of Sciences and Technology. All Rights Reserved.